| 000 | 00623nam a2200169 a 4500 | ||
|---|---|---|---|
| 001 | 000020257 | ||
| 005 | 20200929170332.0 | ||
| 008 | 100802s2001 dr c 000 0 spa d | ||
| 040 |
_aDO-SdBNP _bspa _cBNPHU |
||
| 082 |
_aXXXX _bxxxx |
||
| 100 | 1 |
_aSantos González, Leopoldo E. _d1954- _942875 |
|
| 245 | 1 | 3 |
_aEl Ñandu (Rhea americana) : _ben el Uruguay de silvestre a granja / _cLeopoldo E. Santos González. |
| 260 |
_a[Santo Domingo] : _b[s.d], _c2001. |
||
| 300 |
_a86 p. : _bretrs. ; _c29 cm. |
||
| 500 | _aConsejero de la embajada de República Dominicana en el Uruguay | ||
| 500 | _aIncluye datos biografícos del autor. | ||
| 999 |
_c19761 _d19761 |
||